Les Thierry célèbres - Statistiques

Statistiques générales
  • Ce quiz a été pris 300 fois
  • Le résultat moyen est 8 sur 16
Statistiques - réponses
Par images Réponse % Correct
Thierry Henry
95%
Thierry Ardisson
93%
Thierry Lhermitte
92%
Thierry Marx
68%
Thierry Roland
67%
Thierry Beccaro
65%
Thierry Omeyer
49%
Thierry Gilardi
46%
Thierry le Luron
46%
Thierry Dusautoir
44%
Thierry Moreau
33%
Thierry Neuvic
14%
Thierry Samitier
12%
Thierry Frémont
11%
Thierry Mugler
11%
Thierry Sabine
9%
Aucun quiz correspondant
Distribution des résultats
% des personnes avec chaque résultat
Percentile par nombre de réponses
Votre historique - résultats
Vous n’avez pas pris ce quiz